La precariedad laboral en Colombia (Registro nro. 17477)
[ vista simple ]
| 000 -CABECERA | |
|---|---|
| Campo de control | 01031nam a22002537a 4500 |
| 005 - FECHA Y HORA DE LA ULTIMA TRANSACCION | |
| Campo de control | 20150624171143.0 |
| 008 - ELEMENTOS DE LONGITUD FIJA—INFORMACION GENERAL | |
| Campo de control | 150624b2014 ck ||||| |||| 00| 0 spa d |
| 020 ## - ISBN | |
| ISBN | 9789588207643 |
| 040 ## - FUENTE DE CATALOGACIÓN | |
| Agencia catalogadora original | CO-BoIAVH |
| Agencia transcriptora | CO-BoIAVH |
| 041 0# - IDIOMA | |
| Código de idioma para texto/pista de sonido o título separado | Español |
| 082 #4 - NUMERO DE CLASIFICACION DECIMAL DEWEY | |
| Número de clasificación | 306.361 |
| Número del ítem | H39p |
| 110 1# - ASIENTO PRINCIPAL--NOMBRE CORPORATIVO | |
| Nombre corporativo o de jurisdicción como elemento de entrada | Friedrich Ebert Stiftung en Colombia-Fescol |
| 245 13 - MENCION DE TITULO | |
| Título | La precariedad laboral en Colombia |
| Parte restante del título | Crónicas y reportajes/ |
| Mención de responsabilidad | Friedrich Ebert Stiftung en Colombia-Fescol... [et. al.] |
| 250 ## - MENCION DE EDICION | |
| Mención de edición | 1a. Edición |
| 260 3# - PUBLICACION, DISTRIBUCION, ETC. (PIE DE IMPRENTA) | |
| Lugar de publicación, distribución, etc. | Medellín: |
| Nombre del editor, distribuidor, etc. | Ediciones Escuela Nacional Sindical, |
| Fecha de publicación, distribución, etc. | 2014. |
| 260 3# - PUBLICACION, DISTRIBUCION, ETC. (PIE DE IMPRENTA) | |
| Lugar de publicación, distribución, etc. | Bogotá: |
| Nombre del editor, distribuidor, etc. | Friedrich Ebert Stiftung en Colombia, |
| Fecha de publicación, distribución, etc. | 2014. |
| 300 ## - DESCRIPCION FISICA | |
| Extensión | 225 p. |
| Otros detalles físicos | fot. |
| Dimensiones | 21 cm. |
| 505 ## - NOTA DE CONTENIDO | |
| Nota de contenido | Tercerización laboral.<br/>Crónicas de la serie "Casos del CAL".<br/>Los oficios del "rebusque".<br/>Otros Ambitos. |
| 650 #4 - ASIENTO SECUNDARIO DE MATERIA - TERMINO TEMATICO | |
| Término temático o nombre geográfico como elemento de entrada | Trabajo |
| Subdivisión general | Aspectos sociales |
| Subdivisión geográfica | Colombia |
| 650 #4 - ASIENTO SECUNDARIO DE MATERIA - TERMINO TEMATICO | |
| Término temático o nombre geográfico como elemento de entrada | Intensidad de mano de obra |
| Subdivisión geográfica | Colombia |
| 650 #4 - ASIENTO SECUNDARIO DE MATERIA - TERMINO TEMATICO | |
| Término temático o nombre geográfico como elemento de entrada | Mano de obra |
| Subdivisión geográfica | Colombia |
| 710 1# - ASIENTO SECUNDARIO - NOMBRE CORPORATIVO | |
| Nombre corporativo o de jurisdicción como elemento de entrada | Escuela Nacional Sindical |
| 942 ## - ELEMENTOS ADICIONALES (KOHA) | |
| Sistema de clasificación | Dewey Decimal Classification |
| Tipo de ítem | Libro |
| Withdrawn status | Lost status | Sistema de Clasificación | Damaged status | No para préstamo | Colección | Inventariado | Ubicación Permanente | Ubicación actual | Fecha de adquisición | Fuente de Valor | Valor | Total Checkouts | Número topográfico | Inventario / Código de Barras | Date last seen | Ejemplar | Price effective from | Forma de adquisición | Tipo de material |
|---|---|---|---|---|---|---|---|---|---|---|---|---|---|---|---|---|---|---|---|
| Dewey Decimal Classification | General | Inventariado 2017 | Bogotá | Bogotá | 24/06/2015 | Instituto | 39000.00 | LB-306.361 H39p | 039096 | 24/06/2015 | Ej. 1 | 24/06/2015 | Libro |